[Event "Baden-ch U1400"]
[Site "Walldorf"]
[Date "2017.07.29"]
[Round "5"]
[White "Mannschott, Armin"]
[Black "Buttenmueller, Hans Peter"]
[Result "0-1"]
[WhiteElo "1061"]
[BlackElo "1114"]
[PlyCount "90"]
[EventDate "2017.07.26"]
[EventType "swiss"]
[EventRounds "7"]
[EventCountry "GER"]
[SourceTitle "EXT 2018"]
[Source "ChessBase"]
[SourceDate "2017.10.13"]
[SourceVersion "1"]
[SourceVersionDate "2017.10.13"]
[SourceQuality "1"]

1. e4 e5 2. Nf3 Nc6 3. Bc4 h6 4. d4 exd4 5. Nxd4 Ne5 6. Bb3 Bc5 7. Bf4 Ng6 8. Bg3 d6 9. 0-0 Qf6 10. c3 N8e7 11. Nb5 Bb6 12. Nd2 a6 13. Nd4 0-0 14. f4 c5 15. f5 Ne5 16. N4f3 c4+ 17. Kh1 cxb3 18. Bh4 g5 19. fxg6 Qe6 20. g7 Kxg7 21. Bf2 Bxf2 22. Rxf2 Nd3 23. Nd4 Nxf2+ 24. Kg1 Qg6 25. Qf3 Nh3+ 26. Kf1 Ng5 27. Qd3 d5 28. N4xb3 dxe4 29. Qd4+ Qf6+ 30. Kg1 Qxd4+ 31. Nxd4 f5 32. h4 Nf7 33. Nc4 b5 34. Ne3 Bb7 35. b4 Ne5 36. Ne6+ Kf6 37. Nxf8 Rxf8 38. Rd1 Nd3 39. Kh2 h5 40. g3 Ke5 41. Rf1 f4 42. Ng2 fxg3+ 43. Kg1 Rxf1+ 44. Kxf1 Nd5 45. Ke2 Nxc3+ 0-1